Đất bưởi ngàn xưa
Sách giới thiệu đất nước và con người, di tích văn hóa lịch sử, lễ hội, phong tục tín ngưỡng dân gian,...của vùng đất bưởi.
Wedi'i Gadw mewn:
| Prif Awdur: | |
|---|---|
| Fformat: | Llyfr |
| Iaith: | Undetermined |
| Cyhoeddwyd: |
Hà Nội
Văn hóa Thông tin
2011
|
| Pynciau: | |
| Tagiau: |
Ychwanegu Tag
Dim Tagiau, Byddwch y cyntaf i dagio'r cofnod hwn!
|
| Thư viện lưu trữ: | Trung tâm Học liệu Trường Đại học Cần Thơ |
|---|
| LEADER | 00774nam a2200205Ia 4500 | ||
|---|---|---|---|
| 001 | CTU_167783 | ||
| 008 | 210402s9999 xx 000 0 und d | ||
| 082 | |a 959.731 | ||
| 082 | |b K600 | ||
| 100 | |a Lê, Văn Kỳ | ||
| 245 | 0 | |a Đất bưởi ngàn xưa | |
| 245 | 0 | |c Lê Văn Kỳ, Vũ Văn Luân | |
| 260 | |a Hà Nội | ||
| 260 | |b Văn hóa Thông tin | ||
| 260 | |c 2011 | ||
| 520 | |a Sách giới thiệu đất nước và con người, di tích văn hóa lịch sử, lễ hội, phong tục tín ngưỡng dân gian,...của vùng đất bưởi. | ||
| 650 | |a Vietnam,Việt Nam | ||
| 650 | |x History,Lịch sử | ||
| 904 | |i Trọng Hải | ||
| 980 | |a Trung tâm Học liệu Trường Đại học Cần Thơ | ||